00512nam a2200205Ia 4500003000400000005001700004008004100021020002200062040000700084041000800091082001600099100001800115245003800133260004500171300001600216365001200232650001900244650002300263700002000286OSt20220613122819.0210423s2014 xx 000 0 und d a978-0-19-560307-9 cAL aeng a812.52 MILA aArthur Miller aAll my sons: a play in three acts aNew DelhibOxford University Pressc2014 avii,111bPB b70cINR aAmerican Drama aEnglish Literature aEzekiel, Nissim